000 00250nam a2200121Ia 4500
100 _aParkinson/ A c.
942 _cBK
654 _aEngg. drawing
245 _aEngg. drawing
260 _bWheeler
_aAllahabad
_c1980
546 _aENGLISH
999 _c28939
_d28939